00877 a2200229 4500003000500000005001700005010001600022020001500038040000900053082001200062100003000074245007600104250001200180260004400192300003300236505016100269650002300430700003100453942002100484999001900505952012300524Nust20230126105450.0 a 89080953 a039543355X cNust00a421,PAU1 aPauley, Steven E.910773610aTechnical report writing today / cSteven E. Pauley, Daniel G. Riordan. a4th ed. aBoston :bHoughton Mifflin Co.,cc1990. axx, 481 p. :bill. ;c24 cm. aTechnical Writing Basics (Page-3), Technical Writing Techniques (Page-81), Technical Writing Applications (Page-223), Professional Communication (Page-369). 0aTechnical writing.1 aRiordan, Daniel G.9107737 2ddccBKk421,PAU c185322d185322 00102ddc4070aMCSbMCScGENd2016-12-12o421,PAUpMCS30496r2016-12-08w2016-12-12yBKzAlmirah No. 54, Shelf No. 6